Estadísticas para Cultura General de España

Haz click aquí para intentar la prueba.

Estadísticas generales

  • Esta prueba ha sido intentada 5.394 veces
  • La puntuación promedio es 15 de 20

Estadísticas de respuestas

PreguntaRespuesta% Correcto
¿Qué moneda usaba antes del euro?Peseta
97%
¿En qué año ganó la Copa Mundial de Fútbol?2010
96%
¿Qué idioma regional no proviene del latín?Euskera
96%
¿Qué peregrinación con fama internacional acaba en Galicia?Camino de Santiago
91%
¿Cuáles son las cosas que se comen en la nochevieja?Uvas
91%
¿Cuál es la principal empresa de transporte ferroviario en España?RENFE
90%
¿Cuántas de esas cosas se comen?12
89%
¿Con la muerte de quién empezó la transición española?Francisco Franco
89%
¿La población de qué especie felina cayó a menos de 100 en 2002 pero hoy ha recuperado a más que mil?{Lince} ibérico
88%
¿Cuál es el pico más alto del país?Teide
88%
¿Cuál es la capital de Aragón?Zaragoza
86%
¿Qué plato típico se cocina principalmente con huevos y patatas?Tortilla española
83%
¿Qué empresa cervecera, fundada en 1890, se suele vender y hacer más cerveza en España?Mahou
78%
¿Varios españoles esperan a qué día para abrir los regalos navideños?6 de enero
72%
¿Qué cueva en el municipio de Santillana del Mar es un Patrimonio Mundial de la UNESCO?Cuevas de {Altamira}
68%
¿En qúe año se culminó la Reconquista con la caída del reino nazarí de Granada?1492
64%
¿Cómo se llama el periodo en que floreció la cultura española, especialmente en las artes y letras?Siglo de Oro
50%
¿Quién tiene un novio que se llama de apellido Vitorino?Macarena
48%
¿Qué pintor nació en Creta pero vivía la mayoría de su vida en Toledo?El Greco
45%
¿Para qué rey se pintó Las meninas?Felipe IV
42%

Distribución de puntuación

Porcentaje por número respondido

Porcentaje de gente con cada puntuación

Historial de tus puntuaciones

No has intentado esta prueba.